Unidad de Policía Montada en el Parque La Sabana
Đã lưu trong:
| Tác giả chính: | |
|---|---|
| Tác giả khác: | |
| Định dạng: | Không biết |
| Ngôn ngữ: | Spanish |
| Được phát hành: |
[San José ,Costa Rica]
2013
|
| Những chủ đề: | |
| Truy cập trực tuyến: | https://cedi.ucr.ac.cr/arquitectura/unidad-de-policia-montada-en-el-parque-la-sabana/ |
| Các nhãn: |
Thêm thẻ
Không có thẻ, Là người đầu tiên thẻ bản ghi này!
|
MARC
| LEADER | 00000 a2200000 4500 | ||
|---|---|---|---|
| 003 | EA0050 | ||
| 005 | 20231005133458.0 | ||
| 008 | 140114s2013 cr a 000 ||spa d | ||
| 040 | |c cru CEDI | ||
| 090 | |a TFG EA-050 | ||
| 100 | |a Soto Robles, María Fernanda |9 20020 | ||
| 245 | |a Unidad de Policía Montada en el Parque La Sabana | ||
| 260 | |a [San José ,Costa Rica] |c 2013 | ||
| 500 | |a Proyecto de graduación (licenciatura en arquitectura)--Universidad de Costa Rica. Facultad de Ingeniería. Escuela de Arquitectura | ||
| 501 | |a Director de Proyecto de Graduación: Mag. Rodolfo Granados Montero | ||
| 610 | |x COSTA RICA.. MINISTERIO DE SEGURIDAD PUBLICA. FUERZA PUBLICA. UNIDADES ESPECIALIZADAS. UNIDAD DE LA POLICIA MONTADA | ||
| 650 | |x DISEÑO ARQUITECTONICO |x DELEGACIONES POLICIALES - DISEÑOS Y PLANOS - LA SABANA (SAN JOSE, COSTA RICA) |x ESPACIO (ARQUITECTURA) | ||
| 700 | |9 91 |a Granados Montero, Rodolfo |d Director del TFG | ||
| 856 | |u https://cedi.ucr.ac.cr/arquitectura/unidad-de-policia-montada-en-el-parque-la-sabana/ |y https://cedi.ucr.ac.cr/arquitectura/unidad-de-policia-montada-en-el-parque-la-sabana/ | ||
| 942 | |c CEDI |2 ddc | ||
| 999 | |c 12971 |d 12971 | ||
